TB. OF ANATOMY ABDOMEN & LOWER LIMB VOL-2 (Record no. 18785)

MARC details
000 -LEADER
fixed length control field 00364nam a22001577a 4500
003 - CONTROL NUMBER IDENTIFIER
control field SGT
020 ## - INTERNATIONAL STANDARD BOOK NUMBER
International Standard Book Number 978-81-312-5293-2
082 ## - DEWEY DECIMAL CLASSIFICATION NUMBER
Classification number 611
Item number A19S
100 ## - MAIN ENTRY--PERSONAL NAME
Personal name SINGH, VISHRAM
245 ## - TITLE STATEMENT
Title TB. OF ANATOMY ABDOMEN & LOWER LIMB VOL-2
250 ## - EDITION STATEMENT
Edition statement 3RD
260 ## - PUBLICATION, DISTRIBUTION, ETC. (IMPRINT)
Place of publication, distribution, etc INDIA
Name of publisher, distributor, etc ELSEVIER PUB
Year of Publication 2019
300 ## - PAGE DESCRIPTION
No. of Pages 504
650 ## - SUBJECT ADDED ENTRY--TOPICAL TERM
Topical term or geographic name as entry element HUMAN ANATOMY
942 ## - ADDED ENTRY ELEMENTS (KOHA)
Source of classification or shelving scheme Dewey Decimal Classification
Koha item type Books
942 ## - ADDED ENTRY ELEMENTS (KOHA)
-- 60
Holdings
Withdrawn status Lost status Source of classification or shelving scheme Damaged status Not for loan Collection code Home library Current library Shelving location Date acquired Vendor Name Cost, normal purchase price SGTU Bill Number Total Checkouts Total Renewals Full call number Accession No. (Barcode) Date last seen Date last borrowed Bill Date Koha item type Checked out
    Dewey Decimal Classification     MEDICAL SGT Medical Library SGT Medical Library Text Book 06/08/2019 ABC DELHI 775.00 SGTU 11141 18 5 611 A19S FM11811 26/07/2025 07/07/2025 03/07/2019 Books  
    Dewey Decimal Classification     MEDICAL SGT Medical Library SGT Medical Library Text Book 06/08/2019 ABC DELHI 775.00 SGTU 11141 24   611 A19S FM11812 28/11/2025 25/11/2025 03/07/2019 Books  
    Dewey Decimal Classification     MEDICAL SGT Medical Library SGT Medical Library Text Book 06/08/2019 ABC DELHI 775.00 SGTU 11141 4   611 A19S FM11813 18/08/2021 03/08/2021 03/07/2019 Books  
    Dewey Decimal Classification     MEDICAL SGT Medical Library SGT Medical Library Text Book 06/08/2019 ABC DELHI 775.00 SGTU 11141 10   611 A19S FM11814 16/07/2025 15/07/2025 03/07/2019 Books  
    Dewey Decimal Classification     MEDICAL SGT Medical Library SGT Medical Library Text Book 06/08/2019 ABC DELHI 775.00 SGTU 11141 30   611 A19S FM11815 05/06/2026 05/06/2026 03/07/2019 Books 19/06/2026